=LDR 00000nam 2200000 4500 =001 INLIS000000000001650 =005 20130612090042 =008 ***********************************Ind** =035 ##$$0010-061300000001650 =041 ##$$a Ind =082 ##$$a 638.572 6 =090 ##$$a 638.572 6, Pai-s =100 ##$$a PAIMIN, Farry B =245 ##$$a Sukses beternak jangkrik, Farry B. Paimin, L.E. Pudjiastuti, Erniwati =260 ##$$a 1999 $b Jakarta =300 ##$$a viii, 78 hlm, ilus, 21 cm =650 ##$$a Ternak Jangkrik =700 ##$$a PUJIASTUTI, L.E =850 ##$$a NBPNMAT